GCSE Subjects - Statistics

General Stats
  • This quiz has been taken 85 times
  • The average score is 15 of 33
Answer Stats
Subject % Correct
Maths
94%
Biology
91%
Chemistry
91%
Geography
91%
Physics
90%
History
88%
English Language
87%
English Literature
87%
Religious Studies
69%
Drama
60%
Physical Education
56%
Business
55%
Music
55%
Computer Science
53%
Sociology
47%
Psychology
45%
Design and Technology
44%
Economics
40%
Art and Design
34%
Dance
27%
Media Studies
25%
Statistics
25%
Engineering
19%
Astronomy
18%
Citizenship
18%
Film Studies
18%
Modern Foreign Languages
17%
Food Preparation and Nutrition
16%
Geology
13%
Classical Civilisation
10%
Electronics
8%
Ancient History
6%
Ancient Languages
5%
No matching quizzes found
Score Distribution
Percent of People with Each Score
Percentile by Number Answered
Your Score History
You have not taken this quiz